RHEOLOGY AND HEAT TRANSFER FOR PROCESS EQUIPMENT DESIGN - PRESENT STATE AND FUTURE TRENDS

Bibliographic Details
Main Author: Šesták, Jiří (Author)
Format: Article
Language:English
ISBN:8022712590

MARC

LEADER 00000naa a2200000uu 4500
001 vtls010947384
003 SK-MaSNL
005 20260302125641.0
008 210902|1999 xo |||||||||||||||||eng|
015 |a SNBRA 
035 |a (urnnbn)urn:nbn:sk:snk:ar-a0bgtn 
035 |a (uuid)90570bab-2b79-4c0a-b1b6-ccccf0946ae8 
035 |a urn:nbn:sk:snk-aau8xo 
040 |a SNKBUCL  |b slo  |c SNKBUCL  |e AACR2 
041 0 |a eng 
044 |a xo  |c SK 
100 1 |a Šesták, Jiří  |4 aut  |9 430171 
245 1 0 |a RHEOLOGY AND HEAT TRANSFER FOR PROCESS EQUIPMENT DESIGN - PRESENT STATE AND FUTURE TRENDS  |c Jiří Šesták 
773 0 |t Strojné inžinierstvo '99  |d V Bratislave : Slovenská technická univerzita, 1999  |g S. 419-424  |z 8022712590 
958 |a OND 
958 |a article11 
958 |a chapter 
999 |c 1294849  |d 1296779